000 00493nam a2200193Ia 4500
005 20250224142409.0
008 131103s9999 xx 000 0 und d
040 _aLoreto College
041 _aEnglish
082 _a907
_bTEA
245 4 _aThe teaching of history in secondary schools
250 _a3rd ed.
260 _aCambridge
_bCambridge University Press
_c1965
300 _a202p
504 _aIncludes appendix and index
650 _aHistory
850 _aLCBED
942 _cBK
999 _c29204
_d79683